000 00426nam a2200169Ia 4500
003 GCL
008 140319s9999 xx 000 0 eng d
040 _aGCL /
_cGCL
082 0 4 _a759
_bP G
100 1 _aPISANI, EDGARD
245 1 0 _aGOUIDER TRIKI: GRAVURES PEINTURES /
_cPISANI, EDGARD
260 _a[S.N] :
_bINSTITUT DU MONDE ARABE
650 0 4 _aARTS
650 0 4 _aPAINTING
650 0 4 _aART, HISTORY
942 _2ddc
_cBK
999 _c19453
_d19453